Central Library OPAC University of Rajshahi
Normal view MARC view

Entry Personal Name

Number of records used in: 6

001 - CONTROL NUMBER

  • control field: 3733

003 - CONTROL NUMBER IDENTIFIER

  • control field: BD-RjUL

005 - DATE AND TIME OF LATEST TRANSACTION

  • control field: 20220620122231.0

008 - FIXED-LENGTH DATA ELEMENTS

  • fixed length control field: 220620|| aca||aabn | a|a d

040 ## - CATALOGING SOURCE

  • Original cataloging agency: BD-RjUL
  • Transcribing agency: BD-RjUL

100 ## - HEADING--PERSONAL NAME

  • Personal name: Chakraverty, Anjan,
  • Dates associated with a name: 1958-

670 ## - SOURCE DATA FOUND

  • Source citation: Work cat.: (BD-RjUL)79996: Chakraverty, Anjan, 1958-, Indian miniature painting /, c2008